[Event "Biel MTO op"]
[Site "Biel"]
[Date "1995.??.??"]
[Round "1"]
[White "Belotelov, Denis"]
[Black "Psakhis, Lev"]
[Result "0-1"]
[WhiteElo "2325"]
[BlackElo "2610"]
[Annotator "Psakhis,L"]
[PlyCount "44"]
[EventDate "1995.07.??"]
[EventType "swiss"]
[EventRounds "11"]
[EventCountry "SUI"]
[SourceTitle "CBM 048 Extra"]
[Source "ChessBase"]
[SourceDate "1995.11.01"]
[SourceVersion "1"]
[SourceVersionDate "1995.11.01"]
[SourceQuality "1"]

1. e4 c5 2. f4 d5 3. exd5 Nf6 4. Bb5+ Bd7 5. Bxd7+ Qxd7 6. c4 e6 7. Qe2 Bd6 8.
dxe6 (8. d3 O-O 9. dxe6 Qxe6 10. Qxe6 fxe6 11. Nf3 Nc6 (11... Nfd7 12. O-O Bxf4
13. Bxf4 Rxf4 14. Re1 Rf6 15. d4 Nc6 16. dxc5 Nxc5 17. Nc3 Nd3 18. Re2 Raf8 19.
Rd1 Nf4 20. Re3 Nh3+ 21. gxh3 Rxf3 22. Rxe6 Rxh3 23. Nd5 {Sveshnikov,E-Aseev,K/
Kemerovo/1995/0,5/37/}) 12. Nc3 $5 Rad8 13. O-O Bc7 14. Ng5 Nd4 15. Be3 Rfe8
16. Bxd4 cxd4 17. Nce4 Ng4 18. Nc5 e5 19. Nge6 Rc8 20. f5 $14 {Campora,
D-Polgar,Zs/Biel/1987/}) 8... fxe6 9. d3 Nc6 (9... O-O 10. Nh3 (10. Nf3 Ng4 11.
Nc3 (11. O-O Nc6 12. Ng5 e5 13. Qe4 g6 14. Qd5+ Kh8 15. Nc3 $36) 11... Nc6 12.
O-O Bxf4 13. Qe4 Qd4+ 14. Qxd4 cxd4 15. Bxf4 dxc3 16. Bd6 Rfd8 17. c5 cxb2 18.
Rab1 b6 19. Rxb2 bxc5 20. Bxc5 Rxd3 21. h3 Nf6 22. Rc1 Rad8 23. Kh2 e5 24. Bf2
e4 25. Rxc6 exf3 26. Bxa7 Rd2 27. Rcc2 Rxc2 {Hartston,W-Tal,M/Tallinn/1979/0,5/
35/}) 10... e5 11. O-O Nc6 12. Nc3 Rae8 13. f5 Nd4 14. Qf2 e4 15. dxe4 Bxh2+
16. Kh1 Rxe4 17. Bf4 Rxf4 18. Nxf4 Ng4 19. Qh4 Nxf5 {Elmeranta-Rijhimaki/corr/
1989/0:1/40/}) 10. Nf3 O-O (10... O-O-O $5 11. O-O Rhe8 12. Ne5 $5 Bxe5 13.
fxe5 Qd4+ 14. Be3 Qxe5 15. Nc3 Nd4 16. Qd2 Nf5 17. Bf4 Qd4+ 18. Kh1 Qxd3 19.
Qe1 $36 {Antoshin,V-Oll,L/Berdiansk(URS-sf/1983/}) 11. O-O Rae8 (11... e5 12.
f5 Nd4 13. Nxd4 (13. Qd1 e4 $5 14. Nxd4 cxd4 15. dxe4 Qc7 $5 16. g3 Bxg3 17.
hxg3 Qxg3+ 18. Kh1 Qh3+ $10 19. Kg1 Qg3+) 13... exd4 14. Bg5 Rae8 15. Qf3 Qc7
16. g3 (16. h3 g6 $5 17. Bxf6 Rxf6 18. Qd5+ Kg7 19. Nd2 Re5 $15) 16... Nd7 17.
Nd2 Ne5 18. Qd5+ Nf7 (18... Kh8 19. Ne4 $5 Be7 20. Bf4 Bf6 21. Qxc5 $16) 19.
Bf4 (19. Ne4 $2 Re5) 19... Bxf4 20. Rxf4 Re5 21. Qg2 Re3 22. Nf1 Re5 {Campora,
D-Shirov,A/Buenos Aires/1993/0,5/42/}) 12. Ne5 $2 (12. Nbd2 e5 13. f5 Qxf5 14.
Ne4 Nxe4 15. Qxe4 Qxe4 16. dxe4 Nd4 17. Bd2 Rf7 18. Rf2 Ref8 19. Raf1 h6 20.
Be3 Bc7 21. Nd2 Rxf2 22. Rxf2 Rxf2 23. Kxf2 {Campora,D-Cramling,P/Sevilla/1994/
0,5/56/}) (12. Nc3 e5 13. f5 Nd4 (13... Qxf5 14. Bg5 e4 15. dxe4 Nxe4 16. Rae1
Nf6 17. Qd1 Rxe1 18. Rxe1 Nd4 19. Bxf6 Nxf3+ 20. Qxf3 Qxf3 21. gxf3 Rxf6 22.
Re8+ Rf8 23. Re6 Rd8 24. Kg2 Kf7 25. Re4 {Short,N-Kasparov,G/Paris active/1990/
1-0/52/}) 14. Qe1 (14. Qd2 Qxf5 15. b3 e4 16. dxe4 Nxe4 17. Nxe4 Rxe4 18. Qg5
Nxf3+ 19. gxf3 Re2 {Evans,L-King,D/London WFW/1988/}) 14... Nxf5 15. Ng5 Bb8
16. Nge4 {Dorfman,J-Cifuentes,P/Platja d'Aro Barcino/1994/0,5/}) 12... Bxe5 13.
fxe5 Nd4 $1 (13... Qd4+ 14. Be3 Qxe5 15. h3 Nd4 16. Qd2 Nc2 17. Qxc2 Qxe3+ 18.
Qf2 Qxd3 19. Nc3 Ne4 20. Qh4 Qd4+ 21. Kh2 Qd6+ 22. Kg1 Qd4+ 23. Kh2 Nxc3 24.
Qxd4 cxd4 25. bxc3 Rxf1 26. Rxf1 {Pirligras,M-Kapnisis,S/Baile Herculane/1994/
0,5/40/}) 14. Qd1 Ng4 $1 15. Qxg4 (15. Bf4 Nc2 16. Qxc2 (16. Qxg4 Qd4+ 17. Kh1
Ne3 18. Qe2 Nxf1 19. g3 g5 20. Nc3 gxf4 21. Rxf1 fxg3 $19) 16... Qd4+ 17. Kh1
Rxf4 18. Nc3 Nf2+ 19. Rxf2 Rxf2 $19) (15. Rxf8+ Rxf8 16. Qxg4 Nc2) 15... Rxf1+
16. Kxf1 Rf8+ 17. Kg1 (17. Ke1 Nc2+) 17... Nc2 18. Nc3 Nxa1 19. Nd5 $5 h5 $1
20. Qh3 Nc2 21. Bg5 (21. Ne3 Qf7) 21... Nd4 22. Ne3 (22. Ne7+ $2 Qxe7 23. Bxe7
Ne2+) 22... Qf7 0-1

[Event "ESP-chT CECLUB Honor"]
[Site "Melilla"]
[Date "2011.11.24"]
[Round "5"]
[White "Rivas Pastor, Manuel"]
[Black "Perez Candelario, Manuel"]
[Result "0-1"]
[WhiteElo "2556"]
[BlackElo "2558"]
[Annotator "RR"]
[PlyCount "74"]
[EventDate "2011.11.21"]
[EventType "team-tourn"]
[EventRounds "7"]
[EventCountry "ESP"]
[SourceTitle "CBM 146"]
[Source "ChessBase"]
[SourceDate "2012.01.18"]
[SourceVersion "1"]
[SourceVersionDate "2012.01.18"]
[SourceQuality "1"]
[WhiteTeam "Reverte Albox"]
[BlackTeam "Linex Magic"]
[WhiteTeamCountry "ESP"]
[BlackTeamCountry "ESP"]

1. f4 g6 2. e4 c5 3. Nf3 Bg7 4. c3 d6 5. d3 Nc6 6. Be3 Nf6 7. Nbd2 O-O 8. Be2
Ng4 9. Bg1 f5 10. Ng5 Kh8 11. h3 Nh6 12. Bh2 e5 13. O-O Qe7 14. Qb3 Bf6 15.
Ndf3 Ng8 16. h4 exf4 17. Rae1 fxe4 18. Bd1 Ne5 19. Nxe4 Nxf3+ 20. Bxf3 Bxh4 21.
Re2 Be6 22. c4 Qg7 23. Nxc5 Bf5 24. Ne6 Bxe6 25. Rxe6 Rab8 26. Rxd6 Bf6 27. Be4
g5 28. Qb5 Rf7 29. Qd5 Nh6 30. g3 $2 (30. Re1 Re8 31. Qb5 $17) 30... Ng4 $19
31. Qe6 Bd4+ 32. Kh1 Nxh2 33. Kxh2 Rf6 34. Qd7 Qh6+ 35. Kg2 Rxd6 36. Qg4 Qg7
37. c5 Rh6 0-1

[Event "EU-Cup 21st"]
[Site "Saint Vincent"]
[Date "2005.09.20"]
[Round "3.6"]
[White "Kharlov, Andrei"]
[Black "Tyomkin, Dimitri"]
[Result "1-0"]
[WhiteElo "2619"]
[BlackElo "2467"]
[Annotator "Tyomkin,D"]
[PlyCount "101"]
[EventDate "2005.09.18"]
[EventType "team-swiss"]
[EventRounds "7"]
[EventCountry "ITA"]
[SourceTitle "CBM 110"]
[Source "ChessBase"]
[SourceDate "2006.01.31"]
[SourceVersion "1"]
[SourceVersionDate "2006.01.31"]
[SourceQuality "1"]
[WhiteTeam "Kazan Ladya"]
[BlackTeam "Ashdod"]
[WhiteTeamCountry "RUS"]
[BlackTeamCountry "ISR"]

1. e4 c5 2. f4 d5 3. exd5 Nf6 4. Bb5+ Bd7 5. Bxd7+ Qxd7 6. c4 e6 7. dxe6 {
Leonid Yudasin tried 7.Qe2 several times with some success.} (7. Qe2 Bd6 (7...
Be7 8. dxe6 fxe6 9. Nf3 Nc6 10. Nc3 O-O (10... Nd4 $5) 11. O-O Rad8 12. d3 Nd4
13. Nxd4 Qxd4+ 14. Be3 Qxd3 15. Rae1 Qxe2 16. Rxe2 $14 {1-0 Yudasin,L-Becerra
Rivero,J/New York 2004/CBM 098 ext (54)}) 8. dxe6 fxe6 9. d3 Nc6 10. Nf3 O-O
11. O-O Rae8 12. Nc3 e5 13. f5 Nd4 14. Qd1 Nxf5 (14... e4 15. dxe4 Nxe4 16.
Nxd4 Nxc3 $6 (16... cxd4 17. Nxe4 Rxe4 18. Qd3 $14) 17. bxc3 cxd4 18. Qxd4 (18.
cxd4 $142 Rxf5 19. Rxf5 Qxf5 20. c5 Bc7 21. Qb3+ $16) 18... Qc6 $15 {1/2-1/2
Yudasin,L-Christiansen,L/Minneapolis 2005/CBM 107 (43)}) 15. Bg5 Ng4 16. Nd5 h6
17. Bd2 e4 18. dxe4 Rxe4 $17 {0-1 Zubov,A-Averjanov,A/Kharkov 2005/CBM 105 ext
(33)}) 7... Qxe6+ 8. Qe2 Nc6 9. Qxe6+ fxe6 10. Na3 Nb4 (10... Bd6 $5 11. Nh3
O-O-O 12. O-O e5 (12... Bb8 $142) 13. d3 (13. Ng5 $5) 13... Nb4 (13... Bb8 $5
$15) 14. Nb5 Bb8 15. fxe5 Bxe5 16. Nxa7+ Kb8 17. Nb5 Nxd3 $11 {1/2-1/2 Blatny,
P-Trapl,J/Namestovo 1987/EXT 97 (66)}) 11. Nh3 Nd3+ 12. Ke2 O-O-O 13. Nc2 e5 {
Black's position looks great, however precise play is needed. During the
preparation for this game, I had examined the game of Kharlov vs. Senff
briefly, but failed to discover any improvement for black.} 14. fxe5 Nxe5 15.
b3 Bd6 {At that time I wasn't equipped with Fritz 9, which shows a number of
improvements for black. 15...Ne4 leads to equality, while the text move gives
black even a hope for some advantage!} (15... Ne4 16. Ne3 g6 $1 {The black
bishop is good on the big diagonal now.} 17. Nd5 Bg7 18. d3 Nf6 19. Nxf6 (19.
Bg5 Nxd5 20. Bxd8 Nc3+ $17) 19... Bxf6 20. Be3 Rhe8 21. Nf2 Nxd3 $1 22. Rad1
Bg5 23. Ng4 Bxe3 24. Nxe3 Nf4+ 25. Kf3 Ne6 $11) 16. Bb2 Rhe8 17. Ne3 Nfg4 (
17... Ne4 18. Rad1 Rd7 (18... Ng4 19. Nxg4 Ng3+ 20. Kd3 Nxh1 21. Kc2 $1 Re2 22.
Rxh1 Bf4 23. Kb1 $16) 19. Bxe5 Bxe5 20. Nf2 $14 {however, black has
compensation here.}) 18. g3 {Kharlov was making his moves almost instantly -
he checked them all carefully at home.} Nxe3 (18... Nc6 $1 19. Nf2 (19. Bxg7 $6
Nd4+ 20. Kf1 Nxe3+ 21. dxe3 Nc2 $36) 19... Be5 20. Bxe5 (20. Nfxg4 Bxb2 $44)
20... Ngxe5 $44 {[%cal Gc6d4,Gc6b4]}) 19. dxe3 Ng4 20. Kf3 $1 Nxe3 $5 $146 (
20... h5 21. Rae1 Be5 22. Bc1 $1 Rf8+ 23. Kg2 Bc3 24. Re2 $16 {1-0 Kharlov,
A-Senff,M/Amsterdam NED 2005/The Week in Chess 559 (52)}) (20... Be5 $142 {
White can't do here Bc1 as in the 20...h5 line.} 21. Kxg4 Bxb2 22. Rae1 Rd2 (
22... Bc3 23. Re2 Rd2 24. Rxd2 Bxd2 25. Nf4 $14) 23. Nf4 Bf6 {and black is
safe.}) 21. Rhe1 (21. Bxg7 Nf5 22. Bf6 Rd7 23. Nf4 Rf7 24. Bb2 h5 $1 {[%csl
Yg4]} 25. Rae1 Nh4+ 26. Kf2 Rxe1 27. Kxe1 $1 Bxf4 28. gxh4 (28. gxf4 Ng2+ $11)
28... Bd6 $11) 21... Nf5 $6 {21...Nc2 is much better, but for some reason I
didn't consider that move seriously during the game.} (21... Nc2 $1 22. Rxe8
Rxe8 23. Rd1 Be5 $1 {black has at least equal chances.}) 22. Rxe8 Rxe8 23. Rd1
$14 Rf8 (23... Be5 $2 24. Bxe5 Rxe5 25. Kf4 $18 {That's why I should've moved
the knight to c2 and not to f5!}) 24. Ke4 $1 {Centralisation!} g6 25. Rd5 $1 {
[%csl Rc5] White's pieces reach central squares, while black is passive and
lacks any counterplay.} Kd7 $6 (25... Re8+ $142 26. Be5 b6 27. g4 Bxe5 28. Rxe5
Nd6+ (28... Rxe5+ 29. Kxe5 $16) 29. Kf4 Rf8+ 30. Kg3 $14) 26. Ng5 h6 27. Nf3
Ke6 28. Be5 Be7 29. g4 Nd6+ 30. Ke3 Nf7 31. Bf4 Rd8 (31... Re8 $142 $14 {
was much more resistant;}) 32. Ne5 $1 $16 {Now black is in serious trouble.}
Nxe5 33. Rxe5+ Kf6 34. Rd5 $1 Re8 (34... Rxd5 35. cxd5 Bf8 36. a4 $18 {[%cal
Ge3d3,Gd3c4]}) 35. Kf3 g5 36. Be3 $18 {The black pawns are on the same color
squares of black's bishop, and white controls the centre... This is just
hopeless against such a technician like Kharlov.} Ke6 (36... b6 37. Rd7 $18)
37. Bxc5 Rf8+ 38. Ke3 Rf4 39. Bxe7 Kxe7 40. h3 Rf1 41. Rb5 b6 42. c5 bxc5 43.
Rxc5 Rh1 44. Ra5 Rxh3+ 45. Ke4 Kd6 46. Rxa7 {Two connected pawns of white on
the queenside give white an easy win in this ending.} Kc5 47. Rb7 Rh2 48. a4
Rf2 49. a5 Rf4+ 50. Ke5 Rxg4 51. a6 (51. a6 Rg1 52. b4+ Kc4 53. a7 Ra1 54. b5 {
[%cal Gb5b6,Gb7b8]}) 1-0

[Event "Travemuende op 26th"]
[Site "Travemuende"]
[Date "2009.12.30"]
[Round "7"]
[White "Schmidt, Harald"]
[Black "Zakhartsov, Viacheslav V"]
[Result "1/2-1/2"]
[WhiteElo "2408"]
[BlackElo "2562"]
[Annotator "Zakhartsov,Vi"]
[PlyCount "95"]
[EventDate "2009.12.27"]
[EventType "swiss"]
[EventRounds "7"]
[EventCountry "GER"]
[SourceTitle "CBM 134 Extra"]
[Source "ChessBase"]
[SourceDate "2010.03.03"]
[SourceVersion "1"]
[SourceVersionDate "2010.03.03"]
[SourceQuality "1"]

1. e4 c5 2. Nf3 e6 3. d4 cxd4 4. c3 dxc3 5. Nxc3 Nc6 6. Bc4 Bb4 7. O-O Nge7 {
This setup against the Morra-Gambit was considered by E. Grivas in New in
Chess Yearbook 88. He believes this one is the best for Black, and I agree
with him. The black knight on e7 is not in danger of an attack by e4-e5 and
supports an eventual d7-d5 break.} 8. Nb5 {After this move Black almost by
force has to return the pawn, but obtains the pair of bishops.  Other options
for White:} (8. Qe2 O-O 9. Rd1 Ng6 10. Bg5 Qa5 11. Rac1 h6 12. Bd2 Qh5 {
(Termentzoglou-Grivas, Greece 1990)}) (8. Bf4 Bxc3 9. bxc3 d5 10. exd5 exd5 11.
Bd3 O-O 12. Qc2 h6 {(Roberts-Dragicevic, Melbourne 2001), and Black is a pawn
up in both cases.}) (8. Bg5 f6 9. Be3 O-O 10. Qb3 Bxc3 11. Qxc3 Qa5 12. Rfd1
Qxc3 13. bxc3 f5 14. e5 Ng6 15. Bc5 Ngxe5 {(1/2:1/2 Malpert-Benjamin, New York
1992)} 16. Nxe5 Nxe5 17. Bxf8 Nxc4 {with an interesting and complicated
endgame.}) 8... d5 9. exd5 exd5 10. Bxd5 (10. Bf4 {is dubious:} O-O 11. Nc7 $2
(11. Bb3 Be6 {with a pawn up}) 11... dxc4 12. Nxa8 (12. Qxd8 Rxd8 13. Nxa8 Nd5
14. Bc7 Rf8 15. a3 Ba5 16. Bxa5 Nxa5 17. Rad1 Be6 {and Black has a winning
endgame}) 12... Nd5 13. Bc7 Qd7 14. a3 Be7 15. Bg3 Qd8 16. Rc1 Be6 {and the
knight a8 is trapped.}) 10... Nxd5 11. Qxd5 O-O {Of course, this natural move
is stronger than} (11... Be6 12. Qxd8+ Rxd8 13. Nc7+ Kd7 14. Nxe6 Kxe6 {
with equality, as in the corr. game Jaworski-Pyrka, 1992.}) 12. Qxd8 Rxd8 13.
Be3 Bg4 14. Rfd1 a6 {Black has obtained a slightly better endgame with the
pair of bishops.} 15. Nbd4 (15. Nc7 Rac8 16. Nd5 Ba5 17. a3 Rd7) 15... Nxd4 16.
Rxd4 Rxd4 17. Nxd4 Rc8 18. h3 (18. f3 Bd7 19. Rd1 f6 20. Kf2 {was more precise.
}) 18... Bd7 19. Rd1 f6 20. Bf4 (20. f3 Kf7 21. Kf2) 20... Kf7 21. Nc2 $6 {
A dubious attempt at simplification. The knight on d4 was very strong.} Ba4 (
21... Rxc2 22. Rxd7+ Kg6 {also was possible:} 23. a3 (23. Rxb7 Rxb2 24. a4 a5
25. g4 Ra2 {winning the a4-pawn.}) 23... Be1 24. Rxb7 Bxf2+ 25. Kh2 h5 {
with a better endgame due to the more active pieces.}) 22. Rd4 Bf8 (22... Rxc2
23. Rxb4 Bc6 24. Be3 {and White has good chances to survive with
opposite-coloured bishops, despite Black's initiative.}) 23. Ne3 (23. Rxa4 Rxc2
24. b3 Ke6 25. Be3 Bd6 {with a better ending for Black.}) 23... Bc6 24. Nf5 (
24. Bd6 {also led to an unpleasant endgame for White:} Rd8 25. Nf5 Bxd6 26.
Nxd6+ Ke6 27. Nf5 Rxd4 28. Nxd4+ Kd5 29. Nxc6 Kxc6 30. Kf1 Kd5 31. Ke2 Ke4 32.
Kd2 Kd4 {and the pawn ending should be winning for Black.}) 24... Ke6 25. Nd6
Rd8 26. Nb5 Rxd4 (26... Rd7 $1 {was very strong:} 27. Rxd7 (27. Nc7+ {?} Ke7
28. Rxd7+ Kxd7 29. Na8 Bc5 {and the knight is trapped.}) 27... Bxd7 28. Nc3 b5
29. a3 a5 {and the black king penetrates on the d5-square.}) 27. Nxd4+ Kd5 28.
Be3 (28. Nxc6 $1 {gave to White every chance of surviving:} bxc6 (28... Kxc6
29. Kf1 Kd5 30. Ke2) 29. Kf1 Ke4 30. Be3 Kd3 31. b3 Kc2 32. Ke2 f5 33. Bd4 g6
34. f3 Kb1 35. Kd3 Kxa2 36. Kc2 {and it is difficult to improve Black's
position.}) 28... Bd7 29. Kf1 Bc5 (29... f5 $1 {was my initial intention. For
some reason I had rejected this move.} 30. f3 (30. f4 Bc5 31. Nc2 Bxe3 32.
Nxe3+ Ke4 {winning a pawn.}) (30. g3 f4 31. gxf4 Bxh3+ {obtaining a passed
h-pawn.}) 30... f4 31. Bf2 Bd6 32. Ke2 Bc5 33. Nc2 (33. Kd3 b5 34. a3 a5 35. b4
(35. Bg1 Bxd4 36. Bxd4 Bf5+ 37. Kc3 b4+ {winning}) 35... axb4 36. axb4 Bxb4 {
with a winning advantage.}) 33... Bb5+ 34. Ke1 Bd6 35. b3 Bd3 36. Kd1 Bf1 37.
Ne1 Bb4 {and Black has a big advantage.}) 30. Nc2 Bd6 31. Ke2 Bb5+ (31... f5 {
still was strong.}) 32. Kd2 Be5 {It was the last round. In time trouble I
became nervous and decided to go into an ending with opposite-coloured bishops
and a pawn up, which turned out drawish.} (32... Bf1 33. Ba7 Bf4+ 34. Ne3+ {
led to the same ending as in the game.}) (32... f5 {!} 33. Bd4 g6 34. Bc3 f4
35. Nb4+ Ke6 {left some chances to exploit the bishop pair.}) 33. b3 Bf1 34.
Ba7 Bf4+ 35. Ne3+ Bxe3+ (35... Kc6 36. g3 Bh6 37. h4 b6 38. Bb8 Bh3 39. Bf4
Bxf4 40. gxf4 Kc5 41. Kc3 Be6 42. b4+ Kb5 43. a3 {and White holds the balance.}
) 36. Kxe3 Bxg2 37. h4 Ke5 (37... g5 38. hxg5 fxg5 39. f4 g4 40. Kf2 {with a
draw.}) 38. Bc5 Kf5 39. Bf8 g6 (39... g5 40. hxg5 fxg5 41. f3 Bf1 42. Bd6 Bb5
43. f4 g4 44. Kf2 {with a draw.}) 40. Be7 Bd5 41. f4 h6 42. Bf8 g5 43. fxg5
fxg5 44. hxg5 Kxg5 45. a4 Bxb3 46. a5 h5 47. Bc5 Kg4 (47... b5 48. axb6 Bd5 49.
Be7+ Kg4 50. Kd2 h4 51. Bxh4 Kxh4 52. Kc3 {is also draw.}) 48. Kf2 1/2-1/2